| 000 | 00686nam a2200229 a 4500 | ||
|---|---|---|---|
| 001 | BRL_1627 | ||
| 005 | 20190320211309.0 | ||
| 008 | 150414s1957----mx-#######---#000-0#spa-# | ||
| 041 | _aspa | ||
| 044 | _amx | ||
| 050 | 4 |
_aF1231 _b.G66 1957 |
|
| 100 | 1 |
_aGonzález Obregón, Luis _99108 |
|
| 245 | 1 | 0 |
_aCroniquillas de la Nueva España _cLuis González Obregón. |
| 260 |
_aMéxico _bEdiciones Botas _c1957 |
||
| 300 |
_a238 p. _c20 cm. |
||
| 500 | _aAu1870 | ||
| 500 | _aVer también número de sistema 3501 perteneciente al Fondo General Franz Mayer | ||
| 651 | 4 |
_aMéxico _xHistoria _9614 |
|
| 651 | 4 |
_aMéxico _xVida social y costumbres _9769 |
|
| 902 | _aGRL | ||
| 942 |
_2lcc _cB |
||
| 999 |
_c10436 _d10436 |
||